000 01024cam a22003137a 4500
003 CHAP
005 20220329134334.0
008 971013s1973 r 00010 d
010 _a18995
011 _a19967
035 _a24054
040 _cCHAP
090 _aTesis
100 0 0 _aDíaz de la Garza, Guillermo.
_933431
245 1 4 _aUna pequeña duda de la demanda de dinero en el caso de México y su solución
260 _aMonterrey, N.L. :
_bEl autor,
_c1973
300 _a32 h.
_b: gráfs.
502 _aTesis (Lic. en Economía) -- Univ. Autónoma de Nuevo León. Fac. de Economía
590 _aALEPH
_b10
_c20130110
_lUCH01
_h1242
590 _aBATCH-UPD
_b10
_c20130109
_lUCH01
_h2320
590 _aBATCH-UPD
_b10
_c20130110
_lUCH01
_h1401
590 _aBATCH-UPD
_b10
_c20130409
_lUCH01
_h1843
590 _aBATCH-UPD
_b10
_c20130914
_lUCH01
_h1204
590 _aCONVERSION
_b10
_c20130109
_lUCH01
_h1311
650 1 4 _aDinero.
_932616
901 _aBK
942 _cTESIS
949 _bBC
_cTES
_d-55639
_eTS1
_i24054
_si
999 _c18995
_d18995